• 首页
  • 本馆介绍
  • 公告通知
  • 最新文献
  • 馆藏检索
  • 电子资源
  • 读者导购
  • 参考咨询
  • 我的图书馆
  • 登录
  • 详细信息显示
  • 放入我的书架
  • 预约/预借图书
  • 作者相关作品
  • 分类相关作品
  • 丛书相关作品
  • 出版社相关作品

书目信息

  • 表格格式
  • 工作单格式
  • 卡片格式
题名:
市政工程建设与管理研究
    
 
作者: 邵华 , 王骞 著
分册:  
出版信息: 长春   吉林科学技术出版社  2022.08
页数: 160页
开本: 26cm
丛书名:
单 册:
中图分类: TU99
科图分类:
主题词: 市政工程--shi zheng gong cheng--工程管理--研究
电子资源:
ISBN: 978-7-5578-9359-0
000 00994nam0 2200253 450
001 CAL 012022047694
005 20230217093112.0
010    @a978-7-5578-9359-0@dCNY48.00
100    @a20221108d2022 em y0chiy0120 ea
101 0  @achi
102    @aCN@b220000
105    @ay a 000yy
106    @ar
200 1  @a市政工程建设与管理研究@Ashi zheng gong cheng jian she yu guan li yan jiu@f邵华, 王骞著
210    @a长春@c吉林科学技术出版社@d2022.08
215    @a160页@d26cm
320    @a有书目 (第159-160页)
330    @a本书首先详细地介绍了路基工程施工建设、垫层及基层工程施工建设、沥青面层工程施工建设以及水泥混凝土面层施工建设 ; 其次分析了市政工程建设技术 ; 最后对市政工程项目施工管理进行了详细探讨。主要内容包括: 路基施工的准备工作、土质路基施工、石质路基施工等。
606 0  @a市政工程@Ashi zheng gong cheng@x工程管理@x研究
690    @aTU99@v5
701  0 @a邵华@Ashao hua@4著
701  0 @a王骞@Awang qian@4著
801  0 @aCN@bBJXHZP@c20230228
905    @b1404258-61@dTU99@e2164@f4
    
    市政工程建设与管理研究/邵华, 王骞著.-长春:吉林科学技术出版社,2022.08
    160页;26cm
    
    
    ISBN 978-7-5578-9359-0:CNY48.00
    本书首先详细地介绍了路基工程施工建设、垫层及基层工程施工建设、沥青面层工程施工建设以及水泥混凝土面层施工建设 ; 其次分析了市政工程建设技术 ; 最后对市政工程项目施工管理进行了详细探讨。主要内容包括: 路基施工的准备工作、土质路基施工、石质路基施工等。
●
相关链接 在E读中查询图书 在五车中查询图书 在当当中查询图书 在豆瓣中查询图书


正题名:市政工程建设与管理研究     索取号:TU99/2164         预约/预借

序号 登录号 条形码 馆藏地/架位号 状态 备注
1 1404258   214042588   第二样本阅览室/ [索取号:TU99/2164] 在馆    
2 1404259   214042597   第三借阅区/ [索取号:TU99/2164] 在馆    
3 1404260   214042604   第三借阅区/ [索取号:TU99/2164] 在馆    
4 1404261   214042613   第三借阅区/ [索取号:TU99/2164] 在馆    
唐山师范学院图书馆 欢迎您!
大连网信软件有限公司© 版权所有